Circularidades creativas: para la compresión de los orígenes /
Guardado en:
| Autor principal: | |
|---|---|
| Otros Autores: | |
| Formato: | Libro |
| Lenguaje: | Spanish |
| Etiquetas: |
Agregar Etiqueta
Sin Etiquetas, Sea el primero en etiquetar este registro!
|
MARC
| LEADER | 00000nam a22000007a 4500 | ||
|---|---|---|---|
| 003 | cru CRAI/IIS | ||
| 005 | 20200124111539.0 | ||
| 008 | 191202t1989 es |||||r|||||||| ||spa|d | ||
| 999 | |c 42885 |d 42885 | ||
| 040 | |c cru CRAI/IIS | ||
| 100 | 1 | |9 8998 |a Dupuy, Jean-Pierre | |
| 245 | 1 | |a Circularidades creativas: |b para la compresión de los orígenes / |c Jean-Pierre Dupuy, Francisco Varela | |
| 300 | |a páginas 232-257 | ||
| 700 | 1 | |9 8999 |a Varela, Francisco | |
| 773 | 0 | |0 42687 |9 3976 |a Waltzlawick, Paul |d Barcelona Editorial Gedisa, 1989 |o 18568 |t El ojo del observador: |z 8474325129 | |
| 942 | |2 ddc |c LI | ||



